000
00281nam a22001337a 4500
999
_c
11996
_d
11996
020
_a
978-1861523723
082
_a
658.4
100
_a
Ros Jay
245
_a
The Seven Deadly Skills of Management
260
_a
USA
_c
1999
300
_a
480
650
_a
Management
942
_c
BK